Εισαγωγή στη Στατιστική με την R (Record no. 8259)
[ view plain ]
| 000 -LEADER | |
|---|---|
| fixed length control field | 01578cam a22002054a 4500 |
| 005 - ΗΜΕΡΟΜΗΝΙΑ ΚΑΙ ΩΡΑ ΤΕΛΕΥΤΑΙΑΣ ΕΝΗΜΕΡΩΣΗΣ | |
| Πεδίο ελέγχου | 20250605164331.0 |
| 008 - FIXED-LENGTH DATA ELEMENTS--GENERAL INFORMATION | |
| Πεδίο ελέγχου σταθερού μήκους | 250528s ||||||||||||||||||||||||d |
| 035 ## - SYSTEM CONTROL NUMBER | |
| System control number | 23230 |
| 020 ## - ISBN | |
| ISBN | 9789604616725 |
| 040 ## - ΠΗΓΗ ΚΑΤΑΛΟΓΟΓΡΑΦΗΣΗΣ | |
| Φορέας πρωτότυπης καταλογογράφησης | MC Athens Campus Library |
| Γλώσσα καταλογογράφησης | Ελληνικά, Μοντέρνα (1453-) |
| Modifying agency | MC Athens Campus Library |
| Κανόνες περιγραφικής καταλογογράφησης | AACR2 |
| 245 1# - ΤΙΤΛΟΣ ΚΑΙ ΔΗΛΩΣΗ ΥΠΕΥΘΥΝΟΤΗΤΑΣ | |
| Τίτλος | Εισαγωγή στη Στατιστική με την R |
| 260 ## - PUBLICATION, DISTRIBUTION, ETC. | |
| Name of publisher, distributor, etc. | Κλειδάριθμος, |
| Date of publication, distribution, etc. | 2014 |
| 300 ## - PHYSICAL DESCRIPTION | |
| Extent | 576 |
| 520 ## - SUMMARY, ETC. | |
| Summary, etc. | Ο συγγραφέας αυτού του βιβλίου επιτυγχάνει τον διττό του στόχο ακολουθώντας μια παρουσίαση εύκολη για τον αναγνώστη, που συνδυάζει κώδικα της R, μαθηματικούς τύπους και γραφήματα. Πρόλογος, Επισκόπηση της R, Μονομεταβλητά Δεδομένα, Διμεταβλητά Δεδομένα, Πολυμεταβλητά Δεδομένα, Πολυμεταβλητά Γραφικά, Πληθυσμοί, Στατιστική Συμπερασματολογία, Διαστήματα Εμπιστοσύνης, Έλεγχοι Σημαντικότητας, Καλή Προσαρμογή, Γραμμική Παλινδρόμηση, Ανάλυση Διασποράς, Επεκτάσεις του Γραμμικού Μοντέλου, Παράρτημα: Προγραμματισμός, Βιβλιογραφία, Γλωσσάρι, Ευρετήριο. |
| 700 1# - ΠΡΟΣΘΕΤΗ ΑΝΑΓΡΑΦΗ--ΦΥΣΙΚΟ ΠΡΟΣΩΠΟ | |
| Personal name | Verzani John |
| 9 (RLIN) | 8813 |
| 700 1# - ΠΡΟΣΘΕΤΗ ΑΝΑΓΡΑΦΗ--ΦΥΣΙΚΟ ΠΡΟΣΩΠΟ | |
| Personal name | Παπαναστασίου Δημήτριος |
| 9 (RLIN) | 8814 |
| 942 ## - ADDED ENTRY ELEMENTS (KOHA) | |
| Koha item type | Books |
| Τύπος τεκμηρίου | Βιβλιοθήκη | Τρέχουσα τοποθεσία | Barcode | Αριθμός εισαγωγής | Ημερομηνία απόκτησης | Ταξιθετικό σύμβολο | Αριθμός αντιτύπου | Κατάσταση απόσυρσης | Κατάσταση χαμένου | Κατάσταση κατεστραμμένου | Μη δανεισμός | Σύνολο δανεισμών | Ημερομηνία τελευταίας εμφάνισης | Η τιμή ισχύει από |
|---|---|---|---|---|---|---|---|---|---|---|---|---|---|---|
| Books | MC Athens Campus Library | MC Athens Campus Library | 9780000082589 | 7536 | 05/06/2025 | 519.50285 VER | 1 | 05/06/2025 | 05/06/2025 |